Дело о переименовании младших профессоров Нежинской гимназии Парфения Никольского, Кирилла Мойсеева и Казимира Шапалинского в ст...

Доступно только в Электронных читальных залах Найти на картеНа карте
RUSMARC
00004313nmc2a2200000 x 450
001b517cb8d-ea07-4427-b1a2-e94ba784ac8b
00520151214180724.0
100##$a20150623l18231823k l0rusy0189 ca
1010#$arus
102##$aRU
2001#$aДело о переименовании младших профессоров Нежинской гимназии Парфения Никольского, Кирилла Мойсеева и Казимира Шапалинского в старшие с производством положенного для таковых жалованья
$j1-22 сентября 1823 г.
251##$cДело
300##$aДело
300##$aОриг. заголовок дела: Дело по представлению попечителя Харьковского учебного округа о переименовании младших профессоров Нежинской гимназии Никольского, Мойсеева и Шапалинского в старшие с производством положенного для таковых жалованья. 1 сентября 1823 г. - 22 сентября 1823 г
801#0$aRU
$bРГИА
$c20150623
$gRCR
801#1$aRU
$bГлавНИВЦ
$c20150623
$2rusmarc
801#2$aRU
$bПБ им. Б.Н. Ельцина
$c20151214
$gRCR
$2rusmarc
850##$aРГИА
852##$aРГИА
$eФедеральное казенное учреждение "Российский государственный исторический архив" (РГИА)
$j26
937##$hРГИА
$d11570503
$aASBIBLIO_SCAN
462#0$1001a9ac5b77-7eae-4409-9631-6ef4f0107d3e
$12001
$aДела Департамента народного просвещения по Нежинской гимназии
$1251
$cОпись
$1852
$j94
461#0$1001a74412a3-3cc5-4d21-8f0a-dfe2fbd9e72d
$12001
$aДепартамент народного просвещения Министерства народного просвещения
$1251
$cФонд
$1852
$j733
215##$a6 л.
$d36,5х26 см
371##$aДокумент не является опубликованным и широко распространяемым
5171#$aДело по представлению попечителя Харьковского учебного округа о переименовании младших профессоров Нежинской гимназии Никольского, Мойсеева и Шапалинского в старшие с производством положенного для таковых жалованья. 1 сентября 1823 г. - 22 сентября 1823 г
105##$aу###
1222#$ad
035##$ab517cb8d-ea07-4427-b1a2-e94ba784ac8b
Формат отображения